00530nam a22001937a 450000500170000001000320001702000260004903500130007503500170008803500130010503700210011803700130013908200060015210000210015824500410017926000350022027000600025530000210031520170502165407.0 aBAC-EN21 ENG-111966 a9780241966051c399.00 aEN-95498 aB-581279-299 aB-666144 bPragati/Venadpl bDBAD/PUB aN aJefferies, Dinah aThe separation /cby Dinah Jefferies aNew DelhibPenguin Booksc2014 a11 Community Centre, Panchsheel ParkbNew Delhie110017 a386p.c21cm(pbk)